Statistiques concernant Pays ayant le français pour langue officielle

Cliquez ici pour prendre le quiz!

Statistiques générales

  • Ce quiz a été pris 508 fois
  • Le résultat moyen est 20 sur 29

Statistiques - réponses

HintRéponse% Correct
1France
99%
5Belgique
94%
7Suisse
91%
3Canada
84%
10Sénégal
83%
16Congo
82%
2Congo RDC
82%
23Luxembourg
81%
29Monaco
79%
15Mali
76%
6Côte d'Ivoire
75%
4Cameroun
73%
13Guinée
72%
17Niger
70%
14Togo
69%
18Tchad
67%
20Gabon
65%
19République Centrafricaine
63%
12Bénin
62%
8Madagascar
62%
11Burkina Faso
58%
9Haïti
54%
26Comores
53%
25Guinée Equatoriale
52%
22Rwanda
52%
21Burundi
49%
24Djibouti
46%
28Seychelles
44%
27Vanuatu
30%

Distribution des résultats

Percentile par nombre de réponses

% des personnes avec chaque résultat

Votre développement - résultats

Vous n’avez pas pris ce quiz